00577cam a2200205ua 45000010005000000080039000050200018000440400009000620410008000710820010000791000035000892450059001242500009001832600033001923000010002256530036002357000033002717000040003047000027003447085160309n ii |||gr||||Z||||||asm a9788192058535 cMAIN aasm a339.5 aBoruah, Minoti Gogoi,eAuthor. aSamastigata arthanoitik tattwacBy Minoti Gogoi Boruah a1st. aDibrugarh:bBanalata,c2012. a331p. aMacroeconomics & related topics aBharali, Ranju Kr.,eAuthor. aHazarika, Bidisha Mahanta,eAuthor. aNeog, B. Ch.,eAuthor.